000 00492nam a2200181Ia 4500
008 170705s9999 xx 000 0 und d
020 _a9780746054093
245 4 _aThe amazing adventures of Hercules /
245 _cClaudia Zeff ; illustrated by Stephen Cartwright.
260 _aEngland :
260 _bUsborne Publishing Ltd.,
260 _c2007
300 _a64 pages :
300 _bcolor illustration ;
300 _c19cm.
440 _aUsborne young reading.
500 _a530
999 _c335928
_d335928